| 000 | 01481cam a2200373 i 4500 | ||
|---|---|---|---|
| 001 | 000003265 | ||
| 003 | DO-SdBNP | ||
| 005 | 20251014131954.0 | ||
| 007 | ta | ||
| 008 | 000912s2000 dr b 001 0 spa d | ||
| 040 |
_aDO-SdBNP _bspa _cBNPHU _erda |
||
| 041 | _aspa | ||
| 082 | 4 |
_a346.02 _bC389r _222 |
|
| 100 |
_aCedeño Jiménez, Víctor Livio, _d1942- _eautor _4aut. _910282 |
||
| 245 | 1 | 3 |
_aLa responsabilidad civil extracontractual en derecho francés y derecho dominicano / _cVíctor Livio Cedeño Jiménez ; prefacio del profesor francés Boris Starck. |
| 264 |
_aSanto Domingo, República Dominicana : _bEditora Centenario, S.A., _c2000. |
||
| 300 |
_a399 páginas ; _c20 cm. |
||
| 336 |
_atexto _btxt _2rdacontent |
||
| 337 |
_asin mediación _bn _2rdamedia |
||
| 338 |
_avolumen _bnc _2rdacarrier |
||
| 500 | _aIncluye índice. | ||
| 500 | _aIncluye datos biográficos del autor en la contracubierta | ||
| 504 | _aBibliografía: páginas 383-393. | ||
| 590 | _aInventariado,2018/DG | ||
| 650 | 4 |
_aResponsabilidad civil _zRepública Dominicana _910283 |
|
| 650 | 4 |
_aRepsonsabilidad civil _zFrancia _910284 |
|
| 650 | 4 |
_aResponsabilidad extracontractual _zRepública Dominicana _910285 |
|
| 650 | 4 |
_aResponsabilidad extracontractual _zFrancia _910286 |
|
| 650 | 4 |
_aContratos y responsabilidad _910287 |
|
| 700 | 1 |
_aStarck, Boris, _eprefacio _910288 _4pr. |
|
| 700 | 1 |
_aTunc, Andre, _ecomentario _910289 |
|
| 910 | _aJornada de catalogación | ||
| 942 |
_2ddc _cLBS1 |
||
| 999 |
_c3096 _d3096 |
||